000 00304nam a2200133 i 4500
001 bg
100 1 _aWAJDA, A.
245 0 _aMetodyka i organizacja czytelnictwa /
_cA. Wajda.
260 _aWarszawa,
_c1983.
040 _cBPK
041 _apol
942 _cKS
008 s pl f |000 0 pol
999 _c2083
_d2083
856 _uhttp://koha.tu.koszalin.pl/cgi-bin/koha/opac-detail.pl?biblionumber=2083
_yKatalog online BPK